000 00427nam a2200169Ia 4500
003 LK-CoDNM
008 010623t1998 xxu||||| |||| 00| 1 eng d
040 _aLK-CoDNM
_dLK-CoDNM
_eLK-CoDNM
041 _aeng
080 _a73
_bCHA
100 _aChauley, G.C.
245 _aEarly buddhist art in India
260 _bSundeep prakashana
_aNew Delhi
_c1998
300 _b(xiii)104, 23 cm
650 _aBuddhist Art
942 _cBK
999 _c118634
_d118634